000 00820nam a2200277 4500
003 EG-GICUC
005 20260331105116.0
008 260331s1948 -uk||||fr|||| 001 0 eng d
040 _aEG-GiCUC
_beng
_cEG-GiCUC
_dEG-GiCUC
_erda
041 0 _aeng
082 0 4 _221
_a341.33
_bNA . D
092 0 4 _221
099 _aLaw1 11 341.33 NA . D 1948
100 1 _aNamier, L. B.
_eAuthor.
245 1 0 _aDiplomatic Prelude 1938 - 1939 /
_cL. B. Namier.
264 1 _aLondon :
_bMacmillan,
_c1948.
300 _a502 pages ;
_c24 cm
336 _2rda content
_atext
337 _2rda media
_aComputer
338 _2rda carrier
_aOnline Resource
546 _aText in English
650 1 4 _aPublic international law
856 4 0 _uhttps://fll.law.cu.edu.eg/fulltext/bks/B11-06533.pdf
905 _a30
942 _2ddc
_cBK
_e21
_n0
999 _c67769
_d67769